01107nam a2200289 a 4500001001200000003000800012006001900020007001500039008004100054020001800095040002100113035002100134050002500155100001700180245009500197260004000292300002500332504005100357533015200408650001800560650002500578655002900603700002500632710001700657856012600674999001700800ebr10682366CaPaEBRm u cr cn|||||||||130409s2013 gw a sb 001 0 eng d z9783527328871 aCaPaEBRcCaPaEBR a(OCoLC)83977804914aQH585.2b.L56 2013eb1 aLindl, Toni.10aAtlas of living cell culturesh[electronic resource] /cToni Lindl and Rosemarie Steubing. aWeinheim :bWiley-Blackwell,c2013. axiii, 507 p. :bill. aIncludes bibliographical references and index. aElectronic reproduction.bPalo Alto, Calif. :cebrary,d2013.nAvailable via World Wide Web.nAccess may be limited to ebrary affiliated libraries. 0aCell culture. 0aCytologyxTechnique. 7aElectronic books.2local1 aSteubing, Rosemarie.2 aebrary, Inc.40uhttp://site.ebrary.com/lib/rucke/Doc?id=10682366zAn electronic book accessible through the World Wide Web; click to view c61455d61455